[Event "GM"]
[Site "Hockenheim/Willingen GER"]
[Date "2006.05.08"]
[Round "7"]
[White "Ikonnikov,Vy"]
[Black "Braun,A"]
[Result "1/2-1/2"]
[WhiteElo "2593"]
[BlackElo "2496"]
[EventDate "2006.05.01"]

1. d4 Nf6 2. Nf3 d5 3. c4 c6 4. Nc3 a6 5. a4 e6 6. Bg5 Nbd7 7. e3 Qa5 8.
Be2 Ne4 9. O-O Nxc3 10. bxc3 Qxc3 11. cxd5 exd5 12. e4 dxe4 13. Bd2 Qb2 14.
Rb1 Qa2 15. Ng5 Nf6 16. f3 e3 17. Bxe3 Be7 18. Bd3 O-O 19. Ra1 Qd5 20. Qb1
h6 21. Ne4 Qa5 22. Kh1 Nd5 23. Bf2 Rd8 24. Rc1 Nf4 25. Bf1 Ne6 26. Qb2 Qb4
27. Qa2 Qa5 28. Bc4 Qf5 29. Ng3 Qf6 30. Rd1 Nf4 31. a5 Qg6 32. Rab1 h5 33.
Be3 Nd5 34. Bxd5 Rxd5 35. Ne4 h4 36. h3 Qh5 37. Qe2 Rxa5 38. Nc5 Rb5 39.
Rxb5 axb5 40. Bf4 Bf8 41. Qe8 Qd5 42. Ne4 Qa2 43. Qe5 Qe6 44. Qh5 Qg6 45.
Qxh4 b4 46. d5 Ra2 47. Bg3 Bd7 48. dxc6 Qxc6 49. Qg5 f6 50. Qg6 Be7 51. Bd6
Bd8 52. Bxb4 Ra8 53. Nd6 Bc7 54. Qf7+ Kh8 55. Rd4 Bf5 56. Kh2 Bh7 57. f4
Bxd6 58. Rxd6 Qe4 59. Bd2 Qe2 60. Rd7 Rg8 61. Bc3 Qf1 62. Rd4 b5 63. Qh5
Rc8 64. Qg4 Rg8 65. Rd7 Qc4 66. Bd4 b4 67. h4 Qc2 68. Qh5 b3 69. Qb5 Rc8
70. Qd5 b2 71. Qf7 Qg6 72. Qxg6 Bxg6 73. Bxb2 Rc2 74. Bd4 1/2-1/2

[Event "GM"]
[Site "Hockenheim/Willingen GER"]
[Date "2006.05.09"]
[Round "8"]
[White "Spoelman,W"]
[Black "Romanishin,O"]
[Result "1/2-1/2"]
[WhiteElo "2442"]
[BlackElo "2552"]
[EventDate "2006.05.01"]

1. e4 e5 2. Nf3 Nc6 3. Bb5 a6 4. Ba4 Nf6 5. O-O Be7 6. Re1 b5 7. Bb3 d6 8.
c3 O-O 9. h3 Na5 10. Bc2 c5 11. d4 Nd7 12. b3 Rb8 13. Be3 Qc7 14. Nbd2 b4
15. cxb4 cxd4 16. Bxd4 Nc6 17. Bc3 Nxb4 18. Nc4 Nb6 19. Bxb4 Nxc4 20. Rc1
Rxb4 21. Bd3 Be6 22. Bxc4 Qb7 23. Qd3 a5 24. Rc3 Bxc4 25. Rxc4 Rxc4 26.
Qxc4 Rc8 27. Qd3 Qb4 28. Rd1 g6 29. Nd2 Rc3 30. Qd5 Rc2 31. a4 Qb6 32. Qd3
Qc5 33. Qf3 Bh4 34. Kf1 Rc3 35. Qe2 Kg7 36. g3 Be7 37. Qb5 Qxb5+ 38. axb5
Rc5 39. b6 Rb5 40. Nc4 Rxb3 41. Ra1 Rb4 42. Ne3 Bd8 43. Nd5 Rb5 44. Kg2
Bxb6 45. Nxb6 Rxb6 46. Rxa5 Kf6 47. Ra7 Rb4 48. Kf3 Rb3+ 49. Kg2 h5 50. g4
h4 51. Rd7 Rd3 52. Ra7 Ke6 53. g5 Rd1 54. Rb7 Re1 55. Rb4 f6 56. gxf6 Kxf6
57. Kf3 Kg5 58. Rb8 Rh1 59. Kg2 Rd1 60. Rf8 Rd3 61. Rf7 Rd4 62. Kf3 Rd3+
63. Kg2 d5 64. exd5 Rxd5 65. Rf8 Rd6 66. Ra8 Kf5 67. Rf8+ Rf6 68. Rh8 g5
69. Rg8 Rg6 70. Rf8+ Ke4 71. Kh2 Kd3 72. Rd8+ Ke4 73. Rf8 Rg7 74. Rf6 Kd5
75. Rh6 e4 76. Rh8 Rg6 77. Kg2 Ke5 78. Re8+ Re6 79. Rg8 Kf5 80. Rf8+ Rf6
81. Re8 Kf4 82. Rg8 Rf5 83. Re8 Rf7 84. Rg8 Kf5 85. Re8 Kf4 86. Rg8 Rf6 87.
Re8 Rf5 88. Re7 Rf8 89. Rg7 Kf5 90. Re7 Rd8 91. Rf7+ Ke6 92. Ra7 Rd2 93.
Ra8 Kf7 94. Kg1 Rd4 95. Kg2 Rd2 96. Kg1 Rd1+ 1/2-1/2

[Event "GM"]
[Site "Hockenheim/Willingen GER"]
[Date "2006.05.09"]
[Round "8"]
[White "Braun,A"]
[Black "Gasthofer,A"]
[Result "1/2-1/2"]
[WhiteElo "2496"]
[BlackElo "2415"]
[EventDate "2006.05.01"]

1. d4 d5 2. c4 e6 3. Nc3 Nf6 4. Nf3 c5 5. cxd5 exd5 6. g3 Nc6 7. Bg2 Be7 8.
O-O O-O 9. Bg5 Be6 10. dxc5 Bxc5 11. Bxf6 Qxf6 12. Nxd5 Qxb2 13. Nc7 Rad8
14. Qc1 Qxc1 15. Raxc1 b6 16. Nxe6 fxe6 17. e3 h6 18. Rfd1 Rxd1+ 19. Rxd1
Rd8 20. Rxd8+ Nxd8 21. Nd4 Kf7 22. Kf1 Ke7 1/2-1/2

[Event "GM"]
[Site "Hockenheim/Willingen GER"]
[Date "2006.05.09"]
[Round "8"]
[White "Meier,Geo"]
[Black "Meinhardt,Ma"]
[Result "1-0"]
[WhiteElo "2407"]
[BlackElo "2378"]
[EventDate "2006.05.01"]

1. e4 e6 2. d3 d5 3. Nd2 Nf6 4. Ngf3 b6 5. c3 c5 6. e5 Nfd7 7. d4 Ba6 8.
Bxa6 Nxa6 9. O-O Be7 10. Re1 O-O 11. Nf1 b5 12. a3 Nab8 13. b4 cxb4 14.
axb4 Nc6 15. Qd3 Qb6 16. Ng5 Bxg5 17. Bxg5 a5 18. Qg3 Kh8 19. Qh4 f6 20.
exf6 Nxf6 21. Rxe6 Ne4 22. bxa5 Qc7 23. f3 Qd7 24. Rxc6 Qxc6 25. fxe4 Qxc3
26. Qe1 Qxd4+ 27. Be3 Qd3 28. exd5 Rac8 29. Rd1 Qg6 30. d6 Rc2 31. Rd2 Rxd2
32. Qxd2 Qb1 33. Bf2 Qf5 34. a6 b4 35. d7 Qf6 36. Ne3 b3 37. Nd1 Rd8 38. a7
Qc6 39. h3 h6 40. Qd3 Qc2 41. Qd5 1-0

[Event "GM"]
[Site "Hockenheim/Willingen GER"]
[Date "2006.05.10"]
[Round "9"]
[White "Romanishin,O"]
[Black "Tomashevsky,E"]
[Result "1-0"]
[WhiteElo "2552"]
[BlackElo "2595"]
[EventDate "2006.05.01"]

1. d4 Nf6 2. Nf3 b6 3. g3 Bb7 4. c4 c5 5. d5 b5 6. Bg2 g6 7. O-O Bg7 8. d6
bxc4 9. Na3 O-O 10. Nxc4 exd6 11. Nxd6 Bc6 12. Be3 Na6 13. Qd3 Qb6 14. a3
Nd5 15. Bd2 Nac7 16. e4 Nf6 17. Ne5 Ne6 18. Nec4 Qa6 19. Bc3 Ne8 20. Bxg7
Kxg7 21. b4 Nxd6 22. Qc3+ f6 23. Nxd6 Qb6 24. Nc4 cxb4 25. axb4 Qd4 26.
Qxd4 Nxd4 27. Rfd1 Ne2+ 28. Kh1 Nc3 29. Rd4 Rfe8 30. Na5 Bb5 31. h4 Rab8
32. Kh2 a6 33. Nb3 Rb6 34. Nc5 d6 35. Nb3 Re7 36. Na5 Ne2 37. Rd2 Rc7 38.
Rad1 Nc3 39. Rc1 d5 40. exd5 Nxd5 41. Rc5 1-0

[Event "GM"]
[Site "Hockenheim/Willingen GER"]
[Date "2006.05.10"]
[Round "9"]
[White "Meinhardt,Ma"]
[Black "Spoelman,W"]
[Result "1/2-1/2"]
[WhiteElo "2378"]
[BlackElo "2442"]
[EventDate "2006.05.01"]

1. e4 c5 2. Nc3 Nc6 3. g3 g6 4. Bg2 Bg7 5. d3 d6 6. f4 Nf6 7. Nf3 O-O 8.
O-O Rb8 9. h3 b5 10. g4 b4 11. Ne2 Nd7 12. f5 Nde5 13. Nxe5 Nxe5 14. Be3 a5
15. Qd2 Ba6 16. b3 a4 17. Bh6 Ra8 18. Bxg7 Kxg7 19. g5 Bb7 20. f6+ exf6 21.
gxf6+ Kh8 22. Qg5 axb3 23. axb3 Rxa1 24. Rxa1 Nd7 25. Rf1 Re8 26. h4 Re5
27. Qh6 Qf8 28. Qxf8+ Nxf8 29. Ra1 Ne6 30. Ra7 Nd8 31. Nf4 h5 32. Kf2 Kh7
33. Nh3 Kh6 34. Ng5 Rxg5 35. hxg5+ Kxg5 36. e5 Bxg2 37. Kxg2 dxe5 38. Rd7
Ne6 39. Rxf7 Kf5 40. Kf2 g5 41. Rh7 Kg6 42. Rh8 Nf4 43. Rc8 Kxf6 44. Rxc5
g4 45. Rb5 h4 46. Rxb4 Kg5 47. Rb8 Ne6 48. b4 Kf4 49. Rg8 g3+ 50. Kg2 Ng5
51. Rxg5 Kxg5 52. Kf3 Kf5 53. b5 Ke6 54. c4 Kd6 55. b6 Kc6 1/2-1/2

[Event "GM"]
[Site "Hockenheim/Willingen GER"]
[Date "2006.05.10"]
[Round "9"]
[White "Ikonnikov,Vy"]
[Black "Meier,Geo"]
[Result "1/2-1/2"]
[WhiteElo "2593"]
[BlackElo "2407"]
[EventDate "2006.05.01"]

1. Nf3 Nf6 2. c4 e6 3. Nc3 b6 4. e4 Bb7 5. Qe2 Bb4 6. e5 Ng8 7. d4 Ne7 8.
a3 Bxc3+ 9. bxc3 d6 10. h4 Nd7 11. h5 Bxf3 12. Qxf3 dxe5 13. h6 gxh6 14.
Bxh6 Nf5 15. Bg5 f6 16. d5 fxg5 17. dxe6 O-O 18. Rd1 Nd6 19. Qh5 Nf6 20.
Qxg5+ Kh8 21. Rd3 Qe7 22. Rxh7+ Qxh7 23. Rh3 Qxh3 24. gxh3 Rae8 25. h4 Nde4
26. Qh6+ Nh7 27. Bd3 Nef6 28. Bg6 Re7 29. Bf7 c5 30. Qg6 Rg8 31. Bxg8 Nxg8
32. Qf5 e4 33. Qxe4 Nf8 34. Qe5+ Kh7 35. Qf5+ Kg7 1/2-1/2

[Event "GM"]
[Site "Hockenheim/Willingen GER"]
[Date "2006.05.10"]
[Round "9"]
[White "Gasthofer,A"]
[Black "Buhmann,R"]
[Result "1/2-1/2"]
[WhiteElo "2415"]
[BlackElo "2552"]
[EventDate "2006.05.01"]

1. e4 e6 2. d4 d5 3. Nc3 Nf6 4. Bg5 dxe4 5. Nxe4 Nbd7 6. Nf3 Be7 7. Nxf6+
Bxf6 8. Bxf6 Nxf6 9. Bb5+ Bd7 10. Qe2 O-O 11. Bxd7 Qxd7 12. O-O Rfd8 13.
Rfd1 Qd5 14. c3 Qe4 15. Kf1 Qxe2+ 16. Kxe2 Kf8 17. Ne5 Ke7 18. g3 Nd7 19.
Nd3 Rac8 20. Rd2 c5 21. dxc5 Nxc5 22. Rad1 Nxd3 1/2-1/2

[Event "GM"]
[Site "Hockenheim/Willingen GER"]
[Date "2006.05.10"]
[Round "9"]
[White "Doettling,F"]
[Black "Braun,A"]
[Result "1/2-1/2"]
[WhiteElo "2550"]
[BlackElo "2496"]
[EventDate "2006.05.01"]

1. Nf3 d5 2. d4 e6 3. c4 Nf6 4. Bg5 Be7 5. Nc3 O-O 6. e3 h6 7. Bh4 b6 8.
cxd5 exd5 9. Rc1 Bb7 10. Bd3 Nbd7 11. O-O Re8 12. Qc2 a6 13. Rfd1 c5 14.
dxc5 bxc5 15. Bf5 Nb6 16. Na4 Nxa4 17. Qxa4 d4 18. exd4 Bxf3 19. gxf3 Qd5
20. Bh3 Qxf3 21. Bg3 Qh5 22. Bg2 Rad8 23. Qxa6 cxd4 24. Qc4 Qg5 25. Rc2 Qg4
26. Rcd2 Bf8 27. h3 Qh5 28. Rxd4 Qxd1+ 29. Rxd1 Rxd1+ 30. Kh2 Rd2 31. b4
Ree2 32. Bf3 Re3 33. Kg2 Ra3 34. b5 Rb2 35. Bd1 Rb4 36. Qc8 Ne4 37. Bb3
Nxg3 38. fxg3 Rxb5 39. Bxf7+ Kxf7 40. Qc4+ Kg6 41. Qxb5 Rxa2+ 42. Kf3 Ra3+
43. Kg4 Kh7 44. Qf5+ Kg8 45. Qe6+ Kh7 46. Qf5+ Kg8 47. h4 Ra6 48. Qd5+ Kh8
49. Kh3 Rf6 50. g4 g6 51. Qd8 Rf3+ 52. Kg2 Rf7 53. Qe8 Kg7 54. Qe5+ Kh7 55.
Qe6 Kg7 56. h5 gxh5 57. Qe5+ Rf6 58. Qxh5 Bd6 59. Qd5 Kh7 60. Qe4+ Kg7 61.
Kh3 Bf4 62. Kh4 Bg5+ 63. Kh5 Kg8 64. Qh7+ Kxh7 1/2-1/2